00512nam a2200157 i 4500001000300000100002400003245007800027260002100105040000800126041000800134942000700142008004100149999001700190856009800207952004900305bg1 aMRZOZOWICZ, Juliusz 0aMetody potokowe organizacji procesów budowlanych /cJuliusz Mrzozowicz. aWarszawa,c1982. cBPK apol cKS s pl f |000 0 pol  c20907d20907 uhttp://koha.tu.koszalin.pl/cgi-bin/koha/opac-detail.pl?biblionumber=20907yKatalog online BPK 00104070aBPKbBPKcwo29390p01620504yKS